| 000 | 01006nam a2200277 a 4500 | ||
|---|---|---|---|
| 001 | |||
| 003 | DO-SdBNP | ||
| 005 | 20211118073520.0 | ||
| 008 | 111116s2010 dr d 000 0 spa d | ||
| 020 | _a9789945003079 | ||
| 040 |
_aDO-SdBNP _bspa _cBPMSU |
||
| 082 |
_a332.45 _bO77e 2010 _222 |
||
| 100 | 1 | _aOrtíz, Freddy | |
| 245 | 1 | 0 |
_aErrores gubernamentales en las crisis cambiarias : _bel caso de las empresas remesadoras / _cFreddy Ortíz. |
| 260 |
_aSanto Domingo : _bMediabyte, _c2010. |
||
| 300 |
_a227 p. : _bil., gráfcs. ; _c23 cm. |
||
| 500 | _aIncluye datos biográficos del autor en la solapa de la cubierta | ||
| 590 | _aInventariado, 2021/VM | ||
| 650 | 4 | _aCambio exterior | |
| 650 | 4 |
_aInmigrantes _xCondiciones económicas _zRepública Dominicana |
|
| 650 | 4 |
_aCrisis financiera _zRepública Dominicana |
|
| 650 | 4 |
_aIndustria de servicios financieros _zRepública Dominicana |
|
| 650 | 4 |
_aIndustria de servicios financieros _zEstados Unidos |
|
| 910 | _aVMateo V. | ||
| 942 |
_2ddc _cBK |
||
| 999 |
_c13881 _d13881 |
||